Štruktúra ekonomiky východného Slovenska po vstupe SR do EÚ

Autorky hodnotia zmeny v štruktúre ekonomiky východného Slovenska (VS) pred a po vstupe SR do Európskej Únie, vývoj jej špecializácie, koncentrácie odvetví a skúmajú faktory, ktoré koncentráciu ovplyvnili. Použili údaje zamestnanosti a hrubej pridanej hodnoty odvetví (SK NACE Rev.2) rokov 1995 – 201...

Descrizione completa

Salvato in:
Dettagli Bibliografici
Autore principale: Kónyová, Veronika
Altri autori: Bartová, Ľubica
Natura: Capitolo di libro
Lingua:slovacco
Soggetti:
Tags: Aggiungi Tag
Nessun Tag, puoi essere il primo ad aggiungerne!!

MARC

LEADER 00000nla a2200000 4500
001 0186807
005 20221020090251.3
041 0 |a slo 
044 |a SK 
245 1 0 |a Štruktúra ekonomiky východného Slovenska po vstupe SR do EÚ  |c Veronika Kónyová, Ľubica Bartová 
520 |a Autorky hodnotia zmeny v štruktúre ekonomiky východného Slovenska (VS) pred a po vstupe SR do Európskej Únie, vývoj jej špecializácie, koncentrácie odvetví a skúmajú faktory, ktoré koncentráciu ovplyvnili. Použili údaje zamestnanosti a hrubej pridanej hodnoty odvetví (SK NACE Rev.2) rokov 1995 – 2010 za SR (NUTS I), regióny NUTS II a NUTS III. 
610 2 0 |a regióny 
610 2 0 |a analýzy 
610 2 0 |a Slovensko 
610 2 0 |a odvetvia činnosti ekonomickej 
610 2 0 |a špecializácia 
610 2 0 |a špecializácia výroby 
610 2 0 |a koncentrácia 
610 2 0 |a modely ekonometrické 
610 2 0 |a technológie nové 
100 1 |a Kónyová, Veronika 
700 1 |a Bartová, Ľubica